| 000 | 01049nas a2200349 4500 | ||
|---|---|---|---|
| 001 | BR0807591 | ||
| 003 | BR-BrBNA | ||
| 005 | 20231205112711.0 | ||
| 007 | ta | ||
| 008 | 230509b bl.|||p| |||| 00| 00por d | ||
| 040 |
_aBR-BrBNA _bpor _cBiblioteca Nacional de Agricultura |
||
| 041 | _a(En) | ||
| 072 | _aF60 | ||
| 100 | 1 | _aGonçalves, J.F. | |
| 100 | 1 | _aBecker, A.G. | |
| 100 | 1 | _aCargnelutti, D. | |
| 100 | 1 | _aTabaldi, L.A. | |
| 100 | 1 | _aPereira, L.B. | |
| 100 | 1 | _aBatisti, V. | |
| 100 | 1 | _aSpanevello, R.M. | |
| 100 | 1 | _aMorsch, V.M. | |
| 100 | 1 | _aMicoloso, F.T. | |
| 100 | 1 | _aSchetinger, M.C. | |
| 245 | 1 | _aCadmium toxicity causes oxidative stress and induces response of antioxidant system in cucumber seedings | |
| 650 | _aPEPINO | ||
| 650 | _aFISIOLOGIA VEGETAL | ||
| 650 | _aBIOLOGIA VEGETAL | ||
| 650 | _aESTRESSE | ||
| 773 | 0 |
_tBrazilian Journal of Plant Physiology (Brazil) _xISSN 1677-0420 _g(Jul-Sep 2008), v. 19(3) p. 223-232 _wBR0807591 |
|
| 909 |
_a202311 _bLúcia _c55 _dLúcia Elande |
||
| 942 |
_2AGRIS _n0 _cANA |
||
| 999 |
_c199453 _d199453 |
||